| 000 -LEADER |
| fixed length control field |
00535nam a22001817a 4500 |
| 008 - FIXED-LENGTH DATA ELEMENTS--GENERAL INFORMATION |
| fixed length control field |
150608b xxu||||| |||| 00| 0 eng d |
| 020 ## - INTERNATIONAL STANDARD BOOK NUMBER |
| International Standard Book Number |
0256197563 |
| 041 0# - LANGUAGE CODE |
| Language code of text/sound track or separate title |
eng |
| 080 ## - UNIVERSAL DECIMAL CLASSIFICATION NUMBER |
| Universal Decimal Classification number |
658.1 |
| 100 1# - Rafti |
| Rafti |
Timmons, Jeffry A. |
| 245 10 - TITLE STATEMENT |
| Title |
New venture creation : |
| Statement of responsibility, etc |
Jeffry A. Timmons. |
| 250 ## - |
| -- |
5th ed. |
| 260 ## - |
| -- |
Boston : |
| -- |
Irwin/McGraw-Hill, |
| -- |
c1999. |
| 300 ## - |
| -- |
612 f. : |
| -- |
me il. ; |
| -- |
28 cm. |
| 650 #0 - |
| -- |
Ndërmarrjet e bizneseve të reja |
| 650 #0 - |
| -- |
Ndërmarrësia |
| 942 ## - ADDED ENTRY ELEMENTS (KOHA) |
| Source of classification or shelving scheme |
|
| Item type |
Books |